000 00915nam a22002897a 4500
001 BR9508437
003 BR-BrBNA
005 20230928094736.0
007 ta
008 230509b bl.||||| |||| 00| 0 por d
040 _aBR-BrBNA
_bpor
_cBiblioteca Nacional de Agricultura
041 _a(Por)
072 _aE16
_b0120
090 _ 0120 BR9508437
100 1 _aLemos, M.B.
110 1 _aUniversidade Federal de Minas Gerais, Belo Horizonte (Brasil). Centro de Desenvolvimento e Planejamento Regional
_0Tese (Mestrado)
_910836
245 1 _aEvolucao das formas de organizacao da producao de milho no Brasil - 1960/80
260 3 _aBelo Horizonte, MG (Brasil):
_c1985.
300 _a397 p.
500 _a50 tables; 79 ref.
650 _aMilho
650 _aEstatistica de Producao
650 _aFator de Producao
650 _aCusto de Producao
909 _a202309
_bLucia
_c55
_dLucia Elande
942 _cBK
999 _c52392
_d52392